| 000 | 00596nam a2200229Ia 4500 | ||
|---|---|---|---|
| 005 | 20250425162558.0 | ||
| 008 | 250425s9999 xx 000 0 und d | ||
| 020 | _a9780194790727 | ||
| 041 | _aeng | ||
| 082 | _a428.6 | ||
| 100 | _aBENNETT, ARNOLD | ||
| 245 | 0 | _aSTORIES FROM THE FIVE TOWNS | |
| 250 | _a1ST ED. | ||
| 260 | _aOXFORD | ||
| 260 |
_aReino Unido _bOXFORD UNIVERSITY PRESS _c2008 |
||
| 300 | _a56 | ||
| 650 | _aALFARERIA (INGLATERRA) - FICCION | ||
| 650 | _aINGLES-LIBROS DE LECTURA | ||
| 650 | _aSTAFFORDSHIRE (INGLATERRA) - FICCION | ||
| 942 | _c01 | ||
| 010 | _a86971 | ||
| 999 |
_c232140 _d232140 |
||